Music Quiz

Random Music or Song Quiz

Mary Poppins Songs Quiz Stats

 Plays Quiz Updated Dec 23, 2019

Support Sporcle.
Go Orange.
Score 0/13 Timer 04:00
0 Plays Today
% Correct
A Spoonful of Sugar
86.3%
Feed the Birds
71.8%
Let's Go Fly a Kite
65.1%
Supercalifragilisticexpialidocious
55.9%
Step in Time
42.6%
Chim Chim Cher-ee
42.2%
I Love to Laugh
39%
Jolly Holiday
37.5%
Sister Suffragette
27.4%
The Perfect Nanny
24.7%
Stay Awake
24.2%
The Life I Lead
19.8%
Fidelity Fiduciary Bank
13.6%

You're not logged in!

Compare scores with friends on all Sporcle quizzes.
OR
Log In

From the Vault

'S' Entertainment Images II

by druhutch

So many 'S' things in showbiz.
Remove Ads.
Support Sporcle.
Get the best of Sporcle when you Go Orange. This ad-free experience offers more features, more stats, and more fun while also helping to support Sporcle. Thank you for becoming a member.

Show Comments

Extras

Top Quizzes Today


Score Distribution

Your Account Isn't Verified!

In order to create a playlist on Sporcle, you need to verify the email address you used during registration. Go to your Sporcle Settings to finish the process.

Report this User

Report this user for behavior that violates our Community Guidelines.

Details: